000 00554nam a2200181Ia 4500
005 20250508154044.0
008 008 250505s9999 xx 000 0 eng d
037 _aTextual
040 _aFEDL
_beng
_cFEDL
041 _aeng
_2eng
084 _a353, ODE
_qFEDL
100 _aOdegard Peter H. et. al
_9764948
245 0 _aAmerican government : Theory, politics, and constitutional fundation
260 _aNew York, USA
_bHolt, Rinehart and Winston
_c1961
300 _axi,467p.
942 _cTEXL
_h353, ODE
999 _c1347333
_d1347333